£600bn (Record no. 121238)

MARC details
000 -LEADER
fixed length control field 00711nas a22002417a 4500
001 - CONTROL NUMBER
control field K121238
007 - PHYSICAL DESCRIPTION FIXED FIELD--GENERAL INFORMATION
fixed length control field ta
008 - FIXED-LENGTH DATA ELEMENTS--GENERAL INFORMATION
fixed length control field 200325b2020 ||||| |||| 00| 0 eng d
041 ## - LANGUAGE CODE
Language code of text/sound track or separate title eng
100 ## - MAIN ENTRY--PERSONAL NAME
Personal author Lavanchy, Rene
245 ## - TITLE STATEMENT
Title £600bn
Subtitle Who's picking up the tab
260 ## - PUBLICATION INFORMATION
Date 2020
490 ## - SERIES TITLE
Series statement RICS Modus
Volume March 2020, 26-29(4)
520 ## - ABSTRACT
Abstract Examines the role of the private sector if the UK government's major infrastructure spending is to be financed by borrowing rather than private investment,
650 ## - KEYWORDS
Keywords FINANCE
650 ## - KEYWORDS
Keywords TRANSPORT
650 ## - KEYWORDS
Keywords ENERGY
650 ## - KEYWORDS
Keywords FLOOD DEFENSES
650 ## - KEYWORDS
Keywords WATER
650 ## - KEYWORDS
Keywords UTILITIES
651 ## - SUBJECT ADDED ENTRY--GEOGRAPHIC NAME
Geographic name United Kingdom
690 ## - LOCAL SUBJECT ADDED ENTRY--TOPICAL TERM (OCLC, RLIN)
9 (RLIN) 6246
Topical term or geographic name as entry element Infrastructure
Holdings
Withdrawn status Lost status Source of classification or shelving scheme Damaged status Not for loan Home library Current library Shelving location Date acquired Total Checkouts Date last seen Price effective from Koha item type
    Dewey Decimal Classification     London London Journal article 25/03/2020   25/03/2020 25/03/2020 Journal article